Tilastot visalle Pääkaupungit kirjaimittain - H

Klikkaa tästä pelataksesi tätä visaa!

Yleistilastot

  • Tätä visaa on pelattu 608 kertaa
  • Keskiarvotulos 4 / 5

Vastaustilastot

ValtioPääkaupunki% Oikein
SuomiHelsinki
95%
VietnamHanoi
80%
KuubaHavanna
72%
ZimbabweHarare
61%
SalomonsaaretHoniara
58%

Tulosjakauma

Persentiili vastausten määrän mukaan

Jokaisen tuloksen saaneiden osuus

Tuloshistoriasi

Et ole pelannut tätä visaa